Burning rubber : (Record no. 269)

MARC details
000 -LEADER
fixed length control field 00877cam a22002775a 4500
005 - DATE AND TIME OF LATEST TRANSACTION
control field 20260322212013.0
008 - FIXED-LENGTH DATA ELEMENTS--GENERAL INFORMATION
fixed length control field data
010 ## - LIBRARY OF CONGRESS CONTROL NUMBER
LC control number 2011453010
015 ## - NATIONAL BIBLIOGRAPHY NUMBER
National bibliography number GBA9A2732
Source bnb
016 7# - NATIONAL BIBLIOGRAPHIC AGENCY CONTROL NUMBER
Record control number 015398059
Source Uk
020 ## - INTERNATIONAL STANDARD BOOK NUMBER
International Standard Book Number 9781849160926 (cased)
020 ## - INTERNATIONAL STANDARD BOOK NUMBER
International Standard Book Number 1849160929 (cased)
040 ## - CATALOGING SOURCE
Original cataloging agency UKM
Transcribing agency UKM
Modifying agency DLC
-- DLC
042 ## - AUTHENTICATION CODE
Authentication code lccopycat
-- lccopycat
050 00 - LIBRARY OF CONGRESS CALL NUMBER
Classification number GV1029.15
Item number .J46 2010
082 04 - DEWEY DECIMAL CLASSIFICATION NUMBER
Classification number 796.7209
Edition information 22
092 ## - LOCALLY ASSIGNED DEWEY CALL NUMBER (OCLC)
Classification number 796.72 J46 2010
001 - CONTROL NUMBER
control field data
100 1# - MAIN ENTRY--PERSONAL NAME
Personal name Jennings, Charles,
Dates associated with a name 1956-
245 10 - TITLE STATEMENT
Title Burning rubber :
Remainder of title the extraordinary story of Formula One /
Statement of responsibility, etc. Charles Jennings.
260 ## - PUBLICATION, DISTRIBUTION, ETC.
Place of publication, distribution, etc. London :
Name of publisher, distributor, etc. Quercus,
Date of publication, distribution, etc. 2010.
300 ## - PHYSICAL DESCRIPTION
Extent 327 p., [16] p. of plates :
Other physical details ill. (some col.), ports. (some col.) ;
Dimensions 24 cm.
504 ## - BIBLIOGRAPHY, ETC. NOTE
Bibliography, etc. note Includes bibliographical references and index.
650 #0 - SUBJECT ADDED ENTRY--TOPICAL TERM
Topical term or geographic name entry element Grand Prix racing
General subdivision History.
650 #0 - SUBJECT ADDED ENTRY--TOPICAL TERM
Topical term or geographic name entry element Automobile racing drivers
General subdivision History.
Holdings
Withdrawn status Lost status Damaged status Not for loan Home library Current library Shelving location Date acquired Total checkouts Full call number Barcode Date last seen Price effective from Koha item type
        Fairview Fairview General stacks 22/03/2026   796.7209 22 BC0010278 22/03/2026 22/03/2026 Books